| 000 | 00562nam a2200181Ia 4500 | ||
|---|---|---|---|
| 003 | OSt | ||
| 005 | 20220523074609.0 | ||
| 008 | 151015s9999 xx 000 0 und d | ||
| 020 | _a9966003150 | ||
| 040 |
_aMMU _beng _cMMU _dMMU |
||
| 050 | _aBR 121.3 .A34 2011 | ||
| 100 | _aAdeleye, Femi | ||
| 245 |
_aPreachers of a different Gospel A pilgrim's reflections on contemporary trends in christianity/ _c Femi Bitrus Adele. |
||
| 260 |
_aNairobi : _bHippobooks, _c 2011. |
||
| 300 | _axii,148 p. : | ||
| 650 | _atrends in christianity | ||
| 942 |
_2lcc _cLOAN LOAN |
||
| 999 |
_c4179 _d4179 |
||